Las clases sociales en América Latina / (Record no. 176711)

MARC details
000 -LEADER
campo de control de longitud fija 00945nam a22002415i 4500
001 - NÚMERO DE CONTROL
campo de control 176711
003 - IDENTIFICADOR DE NÚMERO DE CONTROL
campo de control ES-MaACL
005 - FECHA Y HORA DE LA ÚLTIMA TRANSACCIÓN
campo de control 20250728051138.0
008 - DATOS DE LONGITUD FIJA--INFORMACIÓN GENERAL
campo de control de longitud fija 110203s1962 sp a |||| | spa d
080 ## - NÚMERO DE LA CLASIFICACIÓN DECIMAL UNIVERSAL
Número de la Clasificación Decimal Universal 323.3(8)
080 ## - NÚMERO DE LA CLASIFICACIÓN DECIMAL UNIVERSAL
Número de la Clasificación Decimal Universal 308(8)
100 1# - ENTRADA PRINCIPAL--NOMBRE DE PERSONA
Nombre de persona Debuyst, Federico.
9 (RLIN) 145012
245 14 - MENCIÓN DEL TÍTULO
Título Las clases sociales en América Latina /
Mención de responsabilidad, etc. por Federico Debuyst.
260 ## - PUBLICACIÓN, DISTRIBUCIÓN, ETC.
Lugar de publicación, distribución, etc. Friburgo (Suiza) :
Nombre del editor, distribuidor, etc. Oficina Internacional de Investigaciones Sociales de Feres ;
Lugar de publicación, distribución, etc. Bruselas :
Nombre del editor, distribuidor, etc. Centro de Investigaciones Socio-Religiosas,
Fecha de publicación, distribución, etc. 1962.
300 ## - DESCRIPCIÓN FÍSICA
Extensión 217 p. :
Otras características físicas il. ;
Dimensiones 22 cm.
490 1# - MENCIÓN DE SERIE
Mención de serie Documentos latino-americanos ;
Designación de volumen o secuencia 3
650 #4 - PUNTO DE ACCESO ADICIONAL DE MATERIA--TÉRMINO DE MATERIA
Término de materia o nombre geográfico como elemento de entrada Clases sociales-
Subdivisión geográfica América latina.
9 (RLIN) 145014
651 #4 - PUNTO DE ACCESO ADICIONAL DE MATERIA--NOMBRE GEOGRÁFICO
Nombre geográfico América Latina-
Subdivisión general Situación social
9 (RLIN) 7766
710 2# - ENTRADA AGREGADA--NOMBRE DE ENTIDAD CORPORATIVA
Nombre de entidad corporativa o nombre de jurisdicción como elemento de entrada Oficina Internacional de Investigaciones Sociales.
9 (RLIN) 172476
830 1# - PUNTO DE ACCESO ADICIONAL DE SERIE-TÍTULO UNIFORME
Título uniforme Documentos latino-americanos ;
Designación de volumen o secuencia 3
9 (RLIN) 224061
852 ## - LOCALIZACIÓN
Ubicación ES-MaACL
Número de control de estantería E-14174
Encuadernación Olim P-207-Ter
Holdings
Estatus retirado Estado de pérdida Estado de daño No para préstamo Biblioteca de origen Biblioteca actual Ubicación en estantería Fecha de adquisición Fuente de adquisición Total de préstamos Signatura topográfica completa Código de barras Visto por última vez Precio de reemplazo Tipo de ítem Koha
        Biblioteca del Ateneo de Madrid Biblioteca del Ateneo de Madrid Depósito 2 03/02/2011     E-14174 1185602 23/02/2023 23/02/2023 Libro impreso